Quiz Cultura Generale - Quiz n°35 - Statistics

Statistiche generali
  • Questo quiz è stato fatto 219 volte
  • Il punteggio medio è 9 su 15
Statistiche sulle risposte
Domanda Risposta % Corretto
Quanti Vangeli sono presenti nella Bibbia? 4
98%
A quanti millimetri equivalgono 10 decimetri? 1000
97%
In quale oceano si trovano l'isola del Madagascar? Oceano Indiano
92%
Come si traduce il termine inglese "road"? Strada
87%
Quale cioccolatino venne inventato a Perugia nel 1922? Bacio Perugina
86%
Quale poesia ha come incipit "Sempre caro mi fu quest'ermo colle"? L'infinito
74%
Di quale nazione è capitale Montevideo? Uruguay
73%
Quanti denti ha un Formichiere? 0
58%
Chi ha scritto "Mastro Don Gesualdo"? Giovanni Verga
58%
Oltre a Sciabola e Fioretto, quale altra arma si usa nella Scherma? Spada
57%
Qual è il participio passato del verbo "rifulgere"? Rifulso
43%
In quale località del Portogallo avvennero varie apparizioni mariane nel 1917? Fatima
42%
In chimica, come sono chiamati gli elementi del VII gruppo? Alogeni
27%
Chi ha scritto "Il Giardino dei Finzi-Contini"? Giorgio Bassani
11%
Chi ha detto "L'Italia è solo un'espressione geografica"? Klemens von Metternich
1%
Nessun quiz corrispondente trovato
Distribuzione punteggi
Percentuale di utenti per punteggio
Percentile per numero di risposta
I tuoi punteggi nel tempo
Non hai fatto questo quiz